000 00370nam a2200145Ia 4500
008 191201s2004 xx 000 0 und d
082 _a546 COB
100 _aCOTTON, F albert, and WILKINSON, Geoffrey
245 0 _aBasic Inorganic Chemistry
250 _a3rd
260 _aN.Delhi
_bJohn Willey and Sons
_c2004
300 _a838
650 _aApplied
942 _2ddc
_cBK
999 _c1309
_d1309